Mantenimiento y restauración de la balanza de pagos internacionales

Bibliographic Details
Main Author: Petit Fontseré, Jorge, dir
Other Authors: Fellner, William, Machlup, Fritz, Triffin, Robert
Format: Kit
Language:Spanish
Series:Colección Ciencia Económica
Subjects:

MARC

LEADER 00000csc a2200000 a 4500
001 78513
005 20230308212839.0
008 000000|1969 ||||||||r|||||||||||spa||
040 |b spa 
041 1 |a spa 
082 0 |a 382.17 
100 1 |a Petit Fontseré, Jorge, dir.  |9 293794 
245 |a Mantenimiento y restauración de la balanza de pagos internacionales  |c W. Fellner, F. Machlup y R. Triffin.Traducción Valentín Fábrega.  |h imp 
264 |b Edit. Gustavo Gili  |c 1969 
300 |a 306 páginas:  |c 21 cm 
490 |a Colección Ciencia Económica 
650 |a Balanza de pagos  |9 16102 
650 |a Economia 
700 1 |a Fellner, William  |9 66757 
700 1 |a Machlup, Fritz  |9 67894 
700 1 |a Triffin, Robert  |9 49351 
852 |a UC-CDJBV  |c ESTANTERIA CERRADA  |f Compra  |k lucia.mora  |l 1  |m General  |p 00000000  |r 2  |t 78513  |b 0  |d CDRC  |e CDRC  |g 382.17 ESTANTERIA CERRADA  |z 0000-00-00 
942
999 |c 123468  |d 123468